Secondary School Teachers: (Record no. 191372)

MARC details
000 -LEADER
fixed length control field 00731nam a22001937a 4500
005 - DATE AND TIME OF LATEST TRANSACTION
control field 20220825113806.0
010 ## - LCCN (DPL NO)
LC control number ENG-134663
020 ## - INTERNATIONAL STANDARD BOOK NUMBER
Terms of availability 425.00
International Standard Book Number 978819681555
035 ## - SYSTEM CONTROL NUMBER
System control number EN-118195
037 ## - SOURCE OF ACQUISITION
Source of stock number/acquisition DBAD/PUB
082 ## - DEWEY DECIMAL CLASSIFICATION NUMBER
Classification number 373.13
100 ## - MAIN ENTRY--PERSONAL NAME
Personal name Sharma, Om Prakash
245 ## - TITLE STATEMENT
Title Secondary School Teachers:
Remainder of title Phonological Knowledge, Their Pronounciation, Linguistic and Communicative competence in English/
Statement of responsibility, etc Om Prakash Sharma; edited by A.K. Paliwal
260 ## - PUBLICATION, DISTRIBUTION, ETC. (IMPRINT)
Place of publication, distribution, etc Jaipur
Name of publisher, distributor, etc KALPANA PUBLICATIONS
Date of publication, distribution, etc 2012
270 ## - ADDRESS
Address Shop no. 157, 2nd floor chanpole bazar
City Jaipur
Telephone number 0141-2317611, 9414053201
300 ## - PHYSICAL DESCRIPTION
Extent 176p.
Other physical details Appendices, Bibliography
Dimensions 22cm(hb)
700 ## - ADDED ENTRY--PERSONAL NAME
Personal name Paliwal, A. K.
942 ## - ADDED ENTRY ELEMENTS (KOHA)
Source of classification or shelving scheme Dewey Decimal Classification
Item type English Books
Classification part 373.13
Call number suffix SHA
Holdings
Withdrawn status Lost status Not for loan Collection code Home library Current library Date acquired Source of acquisition Cost, normal purchase price Full call number Barcode Copy number Cost, replacement price Koha item type
      Non-fiction Shahdara Branch Shahdara Branch 25/08/2022 DBAD/PUB 425.00 373.13 SHA EN-118195 1 425.00 English Books

© Delhi Public Library
Hit Counter
free hit counter